000 00354pam a2200157a 44500
008 230515b0 xxu||||| |||| 00| 0 eng d
020 _aNULL
041 _aNULL
082 _a621.380412/GUP/SONI
100 _a"""GUPTA P.V.
245 _aA COURSE IN ELECTRICAL POWER
250 _aDHANP
260 _aNULL
_bSONI"""
_c0
300 _a0
650 _a52.5
999 _c614794
_d614794